Bytový dom

Salvato in:
Dettagli Bibliografici
Autore principale: Šimkovič, Adam (Autore)
Altri autori: Bosák, Lukáš (Relatore della tesi)
Natura: Manoscritto Libro
Lingua:slovacco
Pubblicazione: 2025
Soggetti:
Accesso online:http://is.stuba.sk/zp/portal_zp.pl?podrobnosti=167362
CRZP
Tags: Aggiungi Tag
Nessun Tag, puoi essere il primo ad aggiungerne!!

MARC

LEADER 00000ntm a22000003a 4500
001 stuzp104506
003 SK-STU
005 20250728143037.9
007 ta
008 150427s2015----xo-----f-mn---000-0-slo-d
040 |a STU  |b slo 
041 0 |a slo 
100 1 |a Šimkovič, Adam  |u 010180  |4 aut  |U SvF Stavebná fakulta  |T SvF Katedra konštrukcií pozemných stavieb  |X 114742  |U V180  |Y 18  |7 114742 
242 0 1 |a Residential building  |y eng 
245 1 0 |a Bytový dom 
260 |c 2025 
650 4 |a stavebné konštrukcie  |2 slo 
650 4 |a technické zariadenie budov,  |2 slo 
650 4 |a architektonický návrh  |2 slo 
650 4 |a statika  |2 slo 
650 4 |a bytový dom  |2 slo 
650 4 |a požiarna ochrana  |2 slo 
650 4 |a architectural design  |2 eng 
650 4 |a building structures  |2 eng 
650 4 |a building technical systems  |2 eng 
650 4 |a statics  |2 eng 
650 4 |a fire protection  |2 eng 
650 4 |a residential building  |2 eng 
700 1 |a Bosák, Lukáš  |u 010180  |k Z1  |4 ths  |U SvF Stavebná fakulta  |T SvF Katedra konštrukcií pozemných stavieb  |X 57762  |U V180  |Y 18  |7 A000057762 
856 4 |u http://is.stuba.sk/zp/portal_zp.pl?podrobnosti=167362 
856 4 |u https://opac.crzp.sk/?fn=detailBiblioForm&sid=99033F13ACC73F95B68A489E2DA6  |z CRZP